00938cam a2200277Ki 4500001001300000003000900013005001700022008004100039020001800080020001500098035003900113040004400152041000800196060001000204245011100214260003000325300003700355490004600392650002200438650002600460650004700486650003900533650002700572700002600599700003500625ocn951949852Co-BoUCM20200915100310.0171130s2017 nyua b 001 0 eng d a9781498745727 a1498745725 a(OCoLC)951949852z(OCoLC)951926543 aCo-BoUCMbspacSaul NiñodSaul Niño0 aeng aWB 1800aRobotic assistive technologiesbprinciples and practicecedited by Pedro Encarnação and Albert M. Cook aNew YorkbCRC Pressc2017 axv, 381 páginasbilustraciones0 aRehabilitation science in practice series 7aRobots xMedicina 7aRobótica xMedicina 7aRehabilitación xMetodos de simulación 7aMedicina xMetodos de simulación 7aTecnología médica  aEncarnação, Pedro1 aCook, Albert M.d1943-eeditor